<?xml version="1.0" encoding="UTF-8"?>
<record
    xmlns:xsi="http://www.w3.org/2001/XMLSchema-instance"
    xsi:schemaLocation="http://www.loc.gov/MARC21/slim http://www.loc.gov/standards/marcxml/schema/MARC21slim.xsd"
    xmlns="http://www.loc.gov/MARC21/slim">

  <leader>00664nam a22001337a 4500</leader>
  <datafield tag="040" ind1=" " ind2=" ">
    <subfield code="c">RUA</subfield>
  </datafield>
  <datafield tag="082" ind1=" " ind2=" ">
    <subfield code="a">AGR TAU 2012 B053 Or.1</subfield>
  </datafield>
  <datafield tag="100" ind1=" " ind2=" ">
    <subfield code="a">TAUCH, KOURUNN.</subfield>
  </datafield>
  <datafield tag="245" ind1=" " ind2=" ">
    <subfield code="a">sclerotium rolfsii management on mungbean in greenhouse conditions (&#x179C;&#x17B7;&#x1792;&#x17B6;&#x1793;&#x1780;&#x17B6;&#x179A;&#x1780;&#x1798;&#x17D2;&#x1785;&#x17B6;&#x178F;&#x17CB;&#x1795;&#x17D2;&#x179F;&#x17B7;&#x178F;&#x1780;&#x17D2;&#x179B;&#x17C2;&#x179A;&#x17C9;&#x17BC;&#x1791;&#x17B8;&#x1789;&#x17C9;&#x17BC;&#x1798; &#x179A;&#x17BC;&#x179F;&#x17D2;&#x179F;&#x17CA;&#x17B8; &#x179B;&#x17BE;&#x178A;&#x17C6;&#x178E;&#x17B6;&#x17C6;&#x179F;&#x178E;&#x17D2;&#x178F;&#x17C2;&#x1780;&#x1794;&#x17B6;&#x1799; &#x1780;&#x17D2;&#x1793;&#x17BB;&#x1784;&#x179B;&#x1780;&#x17D2;&#x1781;&#x1781;&#x178E;&#x17D2;&#x178C;&#x1795;&#x17D2;&#x1791;&#x17C7;&#x1780;&#x1789;&#x17D2;&#x1785;&#x1780;&#x17CB;)</subfield>
  </datafield>
  <datafield tag="260" ind1=" " ind2=" ">
    <subfield code="a">Phnom Penh</subfield>
    <subfield code="b">RUA</subfield>
    <subfield code="c">2012</subfield>
  </datafield>
  <datafield tag="300" ind1=" " ind2=" ">
    <subfield code="a">x, 52p.</subfield>
    <subfield code="b">ill.</subfield>
    <subfield code="c">29cm.</subfield>
  </datafield>
  <datafield tag="856" ind1=" " ind2=" ">
    <subfield code="u">https://drive.google.com/file/d/1eyDbgMG82g3OqDJ9Bi_pdMfh9NSkQ_tW/view?usp=sharing</subfield>
  </datafield>
  <datafield tag="942" ind1=" " ind2=" ">
    <subfield code="c">AGR</subfield>
  </datafield>
  <datafield tag="999" ind1=" " ind2=" ">
    <subfield code="c">1234</subfield>
    <subfield code="d">1234</subfield>
  </datafield>
  <datafield tag="952" ind1=" " ind2=" ">
    <subfield code="0">0</subfield>
    <subfield code="1">0</subfield>
    <subfield code="2">ddc</subfield>
    <subfield code="4">0</subfield>
    <subfield code="6">AGR_TAU_2012_000000000000000_B053_OR_1</subfield>
    <subfield code="7">0</subfield>
    <subfield code="9">5150</subfield>
    <subfield code="a">LBB</subfield>
    <subfield code="b">LBB</subfield>
    <subfield code="c">B053</subfield>
    <subfield code="d">2015-09-25</subfield>
    <subfield code="l">5</subfield>
    <subfield code="o">AGR TAU 2012 B053 Or.1</subfield>
    <subfield code="p">RUA005383</subfield>
    <subfield code="r">2018-07-25</subfield>
    <subfield code="s">2018-07-09</subfield>
    <subfield code="w">2015-09-25</subfield>
    <subfield code="y">AGR</subfield>
  </datafield>
  <datafield tag="952" ind1=" " ind2=" ">
    <subfield code="0">0</subfield>
    <subfield code="1">0</subfield>
    <subfield code="2">ddc</subfield>
    <subfield code="4">0</subfield>
    <subfield code="6">AGR_TAU_2012_000000000000000_B053_OR_2</subfield>
    <subfield code="7">0</subfield>
    <subfield code="9">5151</subfield>
    <subfield code="a">LBB</subfield>
    <subfield code="b">LBB</subfield>
    <subfield code="c">B053</subfield>
    <subfield code="d">2015-09-25</subfield>
    <subfield code="l">2</subfield>
    <subfield code="o">AGR TAU 2012 B053 Or.2</subfield>
    <subfield code="p">RUA005533</subfield>
    <subfield code="r">2023-08-02</subfield>
    <subfield code="s">2023-07-18</subfield>
    <subfield code="w">2015-09-25</subfield>
    <subfield code="y">AGR</subfield>
  </datafield>
  <datafield tag="952" ind1=" " ind2=" ">
    <subfield code="0">0</subfield>
    <subfield code="1">0</subfield>
    <subfield code="2">ddc</subfield>
    <subfield code="4">0</subfield>
    <subfield code="6">AGR_TAU_2012_000000000000000_B053_OR_3</subfield>
    <subfield code="7">0</subfield>
    <subfield code="9">5696</subfield>
    <subfield code="a">LBB</subfield>
    <subfield code="b">LBB</subfield>
    <subfield code="c">B053</subfield>
    <subfield code="d">2015-09-27</subfield>
    <subfield code="o">AGR TAU 2012 B053 Or.3</subfield>
    <subfield code="p">RUA019147</subfield>
    <subfield code="r">2015-09-27</subfield>
    <subfield code="w">2015-09-27</subfield>
    <subfield code="y">AGR</subfield>
  </datafield>
</record>
